| 000 | 01210nam a22002654a 4500 | ||
|---|---|---|---|
| 001 | UTEA | ||
| 005 | 20250910123712.0 | ||
| 006 | g||||gr||||||01 nz | ||
| 007 | ta | ||
| 008 | 250908b pe ||||| |||| 00| 0 spa d | ||
| 020 | _a1017881905X | ||
| 040 | _aUTEA | ||
| 041 | _aspa | ||
| 082 |
_a364 _bC26 2023 |
||
| 100 |
_aCarrera, Francisco _eAutor |
||
| 245 |
_aPrograma del Curso de derecho criminal : _bdesarrollado en la universidad de pisa / _cFrancisco Carrera _h[Texto Impreso] |
||
| 250 |
_aEdición; _bT-II |
||
| 260 |
_aSan José - Costa Rica _bLegare Street Press _c2022 |
||
| 300 |
_a188 páginas _c24 x 14 cm |
||
| 505 | _aDe la pena -- idea de la pena -- Origen de la pena -- Del fin de la pena -- de las fuerzas de la pena -- De las condiciones que debe tener la pena -- Idea general de la calidad en las penas -- Del criterio de de la calidad en as penas -- de los criterios de la cantidad de las penas -- Razones políticas ó extrínsecas para modificar la pena -- Razones políticas ó intrínsecas para modificar la pena. | ||
| 650 |
_aPENA _959229 |
||
| 650 |
_aEXTRÍNSECAS _959230 |
||
| 650 |
_aINTRINSECAS _959231 |
||
| 942 |
_2ddc _cBK _e2025-09-08 _zMag. Cecilio Flores Noa |
||
| 999 |
_c17234 _d17234 |
||